Проблемы анализа и интерпретации романтической музыки (Запись № 4663658)

Подробности
000 -МАРКЕР
контрольное поле 02613nam0a2200445 i 4500
001 - ИДЕНТИФИКАТОР ЗАПИСИ
контрольное поле RU\NLR\bibl\2069525
005 - ИДЕНТИФИКАТОР ВЕРСИИ
контрольное поле 20260407055956.0
010 ## - МЕЖДУНАРОДНЫЙ СТАНДАРТНЫЙ НОМЕР КНИГИ (ISBN)
Номер (ISBN) 9785905988257
Тираж 200
021 ## - НОМЕР ГОСУДАРСТВЕННОЙ РЕГИСТРАЦИИ
Код страны Российская Федерация
Номер 2013-61091
Номер Листа государственной регистраци 4194
035 ## - ДРУГИЕ СИСТЕМНЫЕ НОМЕРА
Идентификатор записи (NLR Aleph) 002055899
100 ## - ДАННЫЕ ОБЩЕЙ ОБРАБОТКИ
Данные общей обработки 20130906d2013 u||y0rusy50 ca
101 0# - ЯЗЫК РЕСУРСА
Язык текста, звукозаписи и т.д. русский
102 ## - СТРАНА ПУБЛИКАЦИИ ИЛИ ПРОИЗВОДСТВА
Страна публикации Российская Федерация
105 ## - ПОЛЕ КОДИРОВАННЫХ ДАННЫХ: ТЕКСТОВЫЕ МАТЕРИАЛЫ, МОНОГРАФИЧЕСКИЕ
Кодированные данные о монографическом текстовом документе g |||||||||
200 1# - ЗАГЛАВИЕ И СВЕДЕНИЯ ОБ ОТВЕТСТВЕННОСТИ
Основное заглавие Проблемы анализа и интерпретации романтической музыки
Сведения, относящиеся к заглавию к 200-летию со дня рождения Шопена, Шумана, Листа
-- сборник статей и материалов
Первые сведения об ответственности М-во культуры РФ, Гос. муз.-пед. ин-т им. М.М. Ипполитова-Иванова
Последующие сведения об ответственности [ред-сост.: к.иск. О.А. Астахова]
Сведения, относящиеся к заглавию сборник статей и материалов
210 ## - ПУБЛИКАЦИЯ, РАСПРОСТРАНЕНИЕ И ДР.
Место издания, распространения и т.д. Москва
-- Санкт-Петербург
Имя издателя, распространителя и т. д. Нестор-История
Дата издания, распространения и т.д. 2013
215 ## - ФИЗИЧЕСКАЯ ХАРАКТЕРИСТИКА
Специфическое обозначение материала и объем 86 с
Другие сведения о физической характеристике нот.
Размеры 24
320 ## - ПРИМЕЧАНИЯ О НАЛИЧИИ В ДОКУМЕНТЕ БИБЛИОГРАФИИ / УКАЗАТЕЛЯ
Текст примечания Библиогр. в подстроч. примеч
600 #1 - ИМЯ ЛИЦА КАК ПРЕДМЕТ
Начальный элемент ввода Шопен
Часть имени, кроме начального элемента ввода Ф.
Даты 1810 - 1849
Расширение инициалов личного имени Фридерик
Формальный подзаголовок Сборники
Системный номер авторитетной/нормативной записи 999099
Идентификатор авторитетной/нормативной записи RU\NLR\AUTH\66378603
600 #1 - ИМЯ ЛИЦА КАК ПРЕДМЕТ
Начальный элемент ввода Лист
Часть имени, кроме начального элемента ввода Ф.
Даты 1811 - 1886
Расширение инициалов личного имени Ференц
Формальный подзаголовок Сборники
Системный номер авторитетной/нормативной записи 982796
Идентификатор авторитетной/нормативной записи RU\NLR\AUTH\66370168
600 #1 - ИМЯ ЛИЦА КАК ПРЕДМЕТ
Начальный элемент ввода Шуман
Часть имени, кроме начального элемента ввода Р.
Даты 1810 - 1856
Расширение инициалов личного имени Роберт
Формальный подзаголовок Сборники
Системный номер авторитетной/нормативной записи 999143
Идентификатор авторитетной/нормативной записи RU\NLR\AUTH\66378631
606 ## - НАИМЕНОВАНИЕ ТЕМЫ КАК ПРЕДМЕТ
Наименование темы Музыкальное исполнительство
Формальный подзаголовок Сборники
Системный номер авторитетной/нормативной записи 920361
Идентификатор авторитетной/нормативной записи RU\NLR\AUTH\6618335
606 ## - НАИМЕНОВАНИЕ ТЕМЫ КАК ПРЕДМЕТ
Наименование темы Романтизм
Формальный подзаголовок Сборники
Тематический подзаголовок в музыке
Системный номер авторитетной/нормативной записи 1660066
Идентификатор авторитетной/нормативной записи RU\NLR\AUTH\66735473
686 1# - ИНДЕКСЫ ДРУГИХ КЛАССИФИКАЦИЙ
Индекс Щ313(4Г)51-81Шуман я43
686 1# - ИНДЕКСЫ ДРУГИХ КЛАССИФИКАЦИЙ
Индекс Щ313(4П)51-81Шопен я43
686 1# - ИНДЕКСЫ ДРУГИХ КЛАССИФИКАЦИЙ
Индекс Щ313(4Вн)51-81Лист я43
686 1# - ИНДЕКСЫ ДРУГИХ КЛАССИФИКАЦИЙ
Индекс Щ300.07я43
686 1# - ИНДЕКСЫ ДРУГИХ КЛАССИФИКАЦИЙ
Индекс Щ313(0)5-224я43
702 #1 - ИМЯ ЛИЦА - ВТОРИЧНАЯ ОТВЕТСТВЕННОСТЬ
Код отношения Прочие
-- Прочие
Материалы, к которым относится поле rus
Графика поля Кириллица
Начальный элемент ввода Шопен
Часть имени, кроме начального элемента ввода Ф.
Даты 1810-1849
Расширение инициалов личного имени Фридерик
Идентификатор авторитетной/нормативной записи RU\NLR\AUTH\7758499
Системный номер авторитетной/нормативной записи 41431
702 #1 - ИМЯ ЛИЦА - ВТОРИЧНАЯ ОТВЕТСТВЕННОСТЬ
Код отношения Прочие
Материалы, к которым относится поле rus
Графика поля Кириллица
Начальный элемент ввода Шуман
Часть имени, кроме начального элемента ввода Р.
Даты 1810-1856
Расширение инициалов личного имени Роберт
Идентификатор авторитетной/нормативной записи RU\NLR\AUTH\77106981
Системный номер авторитетной/нормативной записи 89906
702 #1 - ИМЯ ЛИЦА - ВТОРИЧНАЯ ОТВЕТСТВЕННОСТЬ
Код отношения Прочие
Материалы, к которым относится поле rus
Графика поля Кириллица
Начальный элемент ввода Лист
Часть имени, кроме начального элемента ввода Ф.
Даты 1811-1886
Расширение инициалов личного имени Ференц
Идентификатор авторитетной/нормативной записи RU\NLR\AUTH\7743076
Системный номер авторитетной/нормативной записи 26019
702 #1 - ИМЯ ЛИЦА - ВТОРИЧНАЯ ОТВЕТСТВЕННОСТЬ
Начальный элемент ввода Астахова
Часть имени, кроме начального элемента ввода О. А.
Расширение инициалов личного имени Ольга Андреевна
Код отношения Составитель
712 02 - НАИМЕНОВАНИЕ ОРГАНИЗАЦИИ - ВТОРИЧНАЯ ОТВЕТСТВЕННОСТЬ
Код отношения Прочие
Начальный элемент ввода Государственный музыкально-педагогический институт им. М. М. Ипполитова-Иванова
Идентифицирующий признак Москва
Идентификатор авторитетной/нормативной записи RU\NLR\AUTH\8810026692
Системный номер авторитетной/нормативной записи 551573
801 #0 - ИСТОЧНИК ЗАПИСИ
Страна Российская Федерация
Организация NLR
Дата составления 20130906
Правила каталогизации RCR
801 #1 - ИСТОЧНИК ЗАПИСИ
Страна Российская Федерация
Организация NLR
Дата составления 20130906
942 ## - ДОПОЛНИТЕЛЬНЫЕ ЭЛЕМЕНТЫ ЗАПИСИ (АБИС)
Тип экземпляра АБИС Книга
980 ## - КОЛЛЕКЦИЯ
Название коллекции НБР

Нет доступных экземпляров.